| 000 | 00478nam a2200205Ia 4500 | ||
|---|---|---|---|
| 008 | 210210b1904 xxu||||| |||| 00| 0 eng d | ||
| 041 | _aeng | ||
| 082 | _a515/4 | ||
| 100 | _aASKWITH (E H) | ||
| 245 | _aTheoretical geometry for beginners Part IV | ||
| 260 |
_aLondon _bMacmillan & Co. Ltd. _c1904 |
||
| 650 | _aTheoretical | ||
| 650 | _aPart | ||
| 650 | _aIV | ||
| 650 | _ageometry | ||
| 650 | _afor | ||
| 650 | _abeginners | ||
| 690 | _aGeometry | ||
| 906 | _a007570 | ||
| 999 |
_c140110 _d140110 |
||